00468nam a2200181 a 4500001001300000003000900013005001700022008004100039020001000080082002100090100002200111245004000133260003500173300000900208500003500217505001200252700002200264nice12345678IN_TiNIC20260116011550.0050524s1891 lona grp 000 0 eng  ac49500a915.404025bBER1 aBernier, Francois aTravels in Mogul Empireb 1656-1668 aLondonbHumphery Milfordc1891 a497p aincludes index and biblioraphy2 aIndexes1 aBernier, Francois